| 000 | 00818nam a2200241 i 4500 | ||
|---|---|---|---|
| 001 | bg | ||
| 100 | 1 |
_aFlizikowski, Józef _d(1951- ). |
|
| 245 | 1 | 0 |
_aProjektowanie środowiskowych procesorów energii / _cJózef Flizikowski, Kazimierz Bieliński ; [Lucent Technologies. Bell Labs Innovations]. |
| 260 |
_aBydgoszcz : _bWydawnictwa Uczelniane Akademii Techniczno-Rolniczej, _c2000. |
||
| 300 |
_a327 s. : _bil. (w tym kolor.), mapy ; _c24 cm. |
||
| 504 | _aBibliogr. | ||
| 650 | 9 |
_aEnergetyka _xhigiena |
|
| 650 | 9 |
_aEnergetyka _xprojekty |
|
| 650 | 9 | _aTechnologie czyste | |
| 700 | 1 |
_aBieliński, Kazimierz _d(1955- ). |
|
| 020 | _a8387274372 | ||
| 040 | _cBPK | ||
| 041 | 0 | _apl | |
| 080 | _a621.31.001.13/.14:504.05 | ||
| 920 | _a83-87274-37-2 | ||
| 942 | _cKS | ||
| 008 | s pl f |000 0 pol | ||
| 999 |
_c37940 _d37940 |
||
| 856 |
_uhttp://koha.tu.koszalin.pl/cgi-bin/koha/opac-detail.pl?biblionumber=37940 _yKatalog online BPK |
||